Covid and Coexistence/ (Record no. 208729)

MARC details
000 -LEADER
fixed length control field 00668nam a2200205 4500
005 - DATE AND TIME OF LATEST TRANSACTION
control field 20250124123924.0
010 ## - LCCN (DPL NO)
LC control number ENG-143572
020 ## - INTERNATIONAL STANDARD BOOK NUMBER
International Standard Book Number 9789390082957
Terms of availability 395.00
035 ## - SYSTEM CONTROL NUMBER
System control number EN-127104
037 ## - SOURCE OF ACQUISITION
Source of stock number/acquisition DBAD
082 ## - DEWEY DECIMAL CLASSIFICATION NUMBER
Classification number 362.1962414
100 ## - MAIN ENTRY--PERSONAL NAME
Personal name Pradeep Kumar
245 ## - TITLE STATEMENT
Title Covid and Coexistence/
Statement of responsibility, etc by Pradeep Kumar; B, Ramya R [and] Santhosh R
260 ## - PUBLICATION, DISTRIBUTION, ETC. (IMPRINT)
Place of publication, distribution, etc Madurai
Name of publisher, distributor, etc Shanlax Publications
Date of publication, distribution, etc 2020
270 ## - ADDRESS
Address 61,66 Vasantha Nagar
City Madurai
Postal code 625003
Electronic mail address shanlaxpublications@gmail.com
300 ## - PHYSICAL DESCRIPTION
Extent 156p.
Dimensions 24cm(Pb)
700 ## - ADDED ENTRY--PERSONAL NAME
Personal name B, Ramya R
Relator term Author
9 (RLIN) 76958
700 ## - ADDED ENTRY--PERSONAL NAME
Personal name Santhosh R
Relator term Author
9 (RLIN) 76959
942 ## - ADDED ENTRY ELEMENTS (KOHA)
Source of classification or shelving scheme Dewey Decimal Classification
Item type English Books
Classification part 362.1962414
Call number suffix RRA
Holdings
Withdrawn status Lost status Not for loan Collection code Home library Current library Date acquired Source of acquisition Cost, normal purchase price Full call number Barcode Copy number Cost, replacement price Koha item type
      Non-fiction Vinoba Puri Vinoba Puri 24/01/2025 Delivery of Books Act Division 395.00 362.1962414 RRA EN-127104 1 395.00 English Books

© Delhi Public Library
Hit Counter
free hit counter